00260nam a2200085Ia 4500008004100000041000800041100002400049245007000073260003100143241105s9999 xx 000 0 und d aeng aMudholkar Parikshit aAnalysis Of Pollution Problems And Its Impacts On The Surrounding bBNCA M Arch EA, Punec2017